Scrambled TV Signals Quiz Stats

 Plays Quiz Updated Oct 22, 2013

Support Sporcle.
Go Orange.
Score 0/15 Timer 10:00
1 Play Today
Synopsis Imaginary TV Show % Correct
It seems like a sitcom about Army doctors in the Korean War, but it's just a hoax.S*H*A*M
96%
In this sitcom, six pals in Manhattan spend their time locating things while repeating their mantra, 'Losers, weepers.'Finders
72.7%
A collie barks for help while running up and down walkways in a supermarket and walkways between seats in a theater.Aisles
67.9%
Employees at a Nantucket airport spend their time pushing each other on a piece of playground equipment.Swing
55.6%
A miniature chicken, who's also a light-weight boxer, fights crime in Gotham City.Bantam
53.1%
An ordinary Scandinavian mom starts dealing marijuana in her native Stockholm to support her family.Swede
51.7%
An ursine divorced mom in Houston is played by a real-life country singer who, of course, is also an ursine.Bear
43.8%
An NYPD detective and her novelist partner wear football shoes for better traction while solving crimes.Cleats
40.9%
Synopsis Imaginary TV Show % Correct
It's a sitcom spin-off about a spunky Jewish woman in New York who likes to fill up her house by amassing junk.Hoard
40.1%
This sitcom is set in a Boston bar filled with impossible staircases, where every tessellated animal knows your name.Escher
31.6%
On this long-running PBS show, a saleswoman knocks on people's doors to explain the scientific ideas behind cosmetics.Avon
29.7%
A vampire with a soul teaches trigonometry in L.A., and he also likes to fish.Angle
27.6%
Admittedly, Sgt. Joe Friday caveats his statements a lot; that having been said, this is still a classic cop show.Granted
18%
Four quirky New Yorkers star in a show about nothing except British Army rifles, named for the town where they were produced.Enfields
16.4%
A quasi-retired detective in a wheelchair heaps scorn--withering, unrelenting scorn--on suspects in San Francisco.Derision
11.5%

You're not logged in!

Compare scores with friends on all Sporcle quizzes.
OR
Log In

From the Vault

Keep Calm and Watch TV

by howiedoin843

Telling TV characters to keep calm is not always the best idea.
Remove Ads.
Support Sporcle.
Get the best of Sporcle when you Go Orange. This ad-free experience offers more features, more stats, and more fun while also helping to support Sporcle. Thank you for becoming a member.

Show Comments

Extras

Top Quizzes Today


Score Distribution

Your Account Isn't Verified!

In order to create a playlist on Sporcle, you need to verify the email address you used during registration. Go to your Sporcle Settings to finish the process.

Report this User

Report this user for behavior that violates our Community Guidelines.

Details: